[Event "9. Open International Championship of V"]
[Site "Novi Sad - Ribarac 4"]
[Date "2018.07.23"]
[Round "3.16"]
[White "Hasman, Cengiz"]
[Black "Tosic, Miroslav"]
[Result "0-1"]
[WhiteElo "2141"]
[BlackElo "2388"]
[PlyCount "72"]
[EventDate "2018.07.22"]

1. d4 Nf6 2. Nf3 c5 3. c4 cxd4 4. Nxd4 b6 5. Nc3 Bb7 6. f3 d6 7. e4 e6 8. Be3
a6 9. Be2 Nbd7 10. O-O Be7 11. a4 Rb8 12. a5 bxa5 13. Qa4 O-O 14. Qxa5 Qc8 15.
Rfc1 Re8 16. b4 Bd8 17. Qa3 Bc7 18. Na4 Ne5 19. c5 Qd8 20. c6 Bc8 21. h3 d5 22.
f4 Nc4 23. Bxc4 dxc4 24. e5 Nd5 25. Rxc4 f6 26. Nf3 a5 27. bxa5 Ra8 28. Rd1
Rxa5 29. Qb3 Ba6 30. Rc5 Be2 31. Rd2 Bxf3 32. gxf3 fxe5 33. fxe5 Qh4 34. Rcxd5
Rxd5 35. Rg2 Rb8 36. Nb6 Rxb6 0-1

[Event "9. Open International Championship of V"]
[Site "Novi Sad - Ribarac 4"]
[Date "2018.07.23"]
[Round "3.17"]
[White "Liu, Xi"]
[Black "Budisavljevic, Luka"]
[Result "1/2-1/2"]
[WhiteElo "2099"]
[BlackElo "2324"]
[PlyCount "30"]
[EventDate "2018.07.22"]

1. d4 Nf6 2. Bf4 c5 3. c3 cxd4 4. cxd4 Qb6 5. Qc2 Nc6 6. e3 d6 7. Nf3 Nb4 8.
Qb3 Bf5 9. Na3 Nd3+ 10. Bxd3 Qxb3 11. axb3 Bxd3 12. Kd2 Ba6 13. Rhc1 Ne4+ 14.
Ke1 e5 15. Bg3 f6 1/2-1/2

[Event "9. Open International Championship of V"]
[Site "Novi Sad - Ribarac 4"]
[Date "2018.07.23"]
[Round "3.18"]
[White "Svicevic, Rastko"]
[Black "Angun, Batu"]
[Result "1/2-1/2"]
[WhiteElo "2247"]
[BlackElo "2122"]
[PlyCount "71"]
[EventDate "2018.07.22"]

1. d4 Nf6 2. Bg5 g6 3. Bxf6 exf6 4. e3 Bg7 5. g3 O-O 6. Bg2 d5 7. Ne2 c6 8. O-O
f5 9. Nd2 Be6 10. Nf4 Nd7 11. b3 Nf6 12. c4 Qd7 13. Qc2 Ne4 14. Rfc1 Rac8 15.
c5 g5 16. Nd3 Qe7 17. Nf1 Rce8 18. b4 Bd7 19. a4 h5 20. b5 h4 21. bxc6 Bxc6 22.
f3 hxg3 23. fxe4 fxe4 24. Nb4 gxh2+ 25. Nxh2 f5 26. Qe2 g4 27. Nxc6 bxc6 28.
Nxg4 fxg4 29. Qxg4 Qe6 30. Qxe6+ Rxe6 31. Rf1 Rxf1+ 32. Rxf1 Bh6 33. Kf2 Rf6+
34. Ke2 Rg6 35. Kf2 Rf6+ 36. Ke2 1/2-1/2

[Event "9. Open International Championship of V"]
[Site "Novi Sad - Ribarac 4"]
[Date "2018.07.23"]
[Round "3.19"]
[White "Zavgorodniaya, Alena"]
[Black "Pratyusha, Bodda"]
[Result "0-1"]
[WhiteElo "2075"]
[BlackElo "2244"]
[PlyCount "116"]
[EventDate "2018.07.22"]

1. e4 e5 2. Nf3 Nc6 3. Bb5 a6 4. Ba4 Nf6 5. d3 b5 6. Bb3 Be7 7. O-O d6 8. c3
O-O 9. Re1 h6 10. Nbd2 Re8 11. Nf1 Bf8 12. Ng3 Be6 13. Bc2 Ne7 14. h3 Ng6 15.
Nh2 Qd7 16. Nh5 Nxh5 17. Qxh5 Qe7 18. d4 c6 19. Ng4 Nf4 20. Bxf4 exf4 21. Nh2
Qg5 22. Qf3 c5 23. e5 cxd4 24. Qe4 g6 25. Nf3 Qh5 26. Nxd4 Bd7 27. e6 fxe6 28.
Qxf4 d5 29. Nf3 Bg7 30. Ne5 Rf8 31. Qg3 Bxe5 32. Rxe5 g5 33. Qd3 Qf7 34. Rf1
Rac8 35. h4 gxh4 36. Rh5 Rc4 37. f4 Qg7 38. Rxh4 Kf7 39. Qh3 Ke8 40. Rg4 Qh8
41. Qh4 Qf6 42. Qf2 e5 43. Bg6+ Ke7 44. Qa7 Qc6 45. Bf5 Rxf5 46. Rg7+ Rf7 47.
Rxf7+ Kxf7 48. fxe5+ Ke7 49. b4 Qc7 50. Qf2 Be6 51. Qf8+ Kd7 52. Rf6 Qxe5 53.
Qg7+ Kc6 54. Qxh6 Re4 55. Rf1 Re2 56. Qh4 Qe4 57. Qh2 Qe3+ 58. Kh1 Re1 0-1

[Event "9. Open International Championship of V"]
[Site "Novi Sad - Ribarac 4"]
[Date "2018.07.23"]
[Round "3.20"]
[White "Mitev, Valentin"]
[Black "Tisma, Ivan"]
[Result "1-0"]
[WhiteElo "2242"]
[BlackElo "2113"]
[PlyCount "181"]
[EventDate "2018.07.22"]

1. d4 Nf6 2. Bg5 e6 3. e4 h6 4. Bxf6 Qxf6 5. c3 d6 6. Bd3 e5 7. Ne2 g6 8. O-O
Bg7 9. Na3 O-O 10. Nc2 Nd7 11. Ne3 c6 12. b4 Qe7 13. Rb1 Nf6 14. Qc2 h5 15. b5
Bh6 16. bxc6 bxc6 17. dxe5 dxe5 18. Nc4 Qc5 19. Qa4 Be6 20. Na5 Rfc8 21. h3
Rab8 22. Nb3 Qe7 23. Bc4 Bf8 24. Bxe6 Qxe6 25. Qxa7 Ra8 26. Qe3 Rxa2 27. Nec1
Ra4 28. Nd2 Kh7 29. Ncb3 Rd8 30. Rb2 Qd6 31. Qe2 Qd3 32. Qxd3 Rxd3 33. c4 Rb4
34. Rfb1 Bh6 35. Kf1 Kg7 36. Ke2 Rc3 37. h4 Kf8 38. g3 Nd7 39. Na5 Rxb2 40.
Rxb2 Nc5 41. Nb1 Rc1 42. Kf3 Ne6 43. Nxc6 Rxc4 44. Nxe5 Rc7 45. Rb4 Bg7 46. Nd3
Bd4 47. Nf4 Nxf4 48. Rxd4 Ne6 49. Rd5 Rc1 50. Nd2 Ke7 51. e5 Nc7 52. Ra5 Ke6
53. Ne4 Rc4 54. Ng5+ Ke7 55. Ra7 Ke8 56. Ke3 Ke7 57. Kd3 Rc1 58. Ne4 Ke6 59.
Ng5+ Kxe5 60. Nxf7+ Kf5 61. Nd6+ Ke6 62. Nc4 Nd5 63. Ra6+ Kf5 64. Nd6+ Ke5 65.
Nf7+ Kf5 66. Nh6+ Ke5 67. Rxg6 Nf6 68. f4+ Ke6 69. Ng8 Kf7 70. Rxf6+ Kxg8 71.
Rf5 Rg1 72. Rg5+ Kf7 73. Ke2 Kf6 74. Kf2 Ra1 75. Rxh5 Kg6 76. Rg5+ Kh6 77. Re5
Ra4 78. Kf3 Rb4 79. Kg4 Rb6 80. h5 Ra6 81. Kh4 Rf6 82. f5 Kh7 83. Kg5 Ra6 84.
Re7+ Kg8 85. g4 Rb6 86. h6 Ra6 87. Kh5 Ra5 88. Kg6 Ra6+ 89. f6 Ra8 90. f7+ Kf8
91. Re8+ 1-0

[Event "9. Open International Championship of V"]
[Site "Novi Sad - Ribarac 4"]
[Date "2018.07.24"]
[Round "4.2"]
[White "Atalik, Suat"]
[Black "Rogac, Srdjan"]
[Result "1-0"]
[WhiteElo "2509"]
[BlackElo "2317"]
[PlyCount "77"]
[EventDate "2018.07.22"]

1. d4 Nf6 2. c4 e6 3. Nf3 Bb4+ 4. Nbd2 d5 5. Qa4+ Nc6 6. a3 Be7 7. e3 O-O 8.
Qc2 a5 9. Bd3 b6 10. cxd5 Qxd5 11. e4 Qd7 12. e5 Nd5 13. Bxh7+ Kh8 14. Bd3 f5
15. Bb5 Ncb4 16. Qa4 c6 17. Bf1 Bb7 18. Qd1 Na6 19. Nc4 c5 20. h4 g6 21. Bh6
Rf7 22. Ng5 Bxg5 23. Bxg5 cxd4 24. Nd6 Rh7 25. Qxd4 Nc5 26. Rh3 Bc6 27. Bc4 a4
28. Bxd5 Bxd5 29. Bf6+ Kg8 30. Rg3 Rh6 31. Rd1 Kh7 32. Qb4 Qc7 33. Nb5 Qb7 34.
f3 Rf8 35. Nc3 Bc6 36. Qd4 Nd7 37. Qd6 Re8 38. Bg5 Rh5 39. Ne2 1-0

[Event "9. Open International Championship of V"]
[Site "Novi Sad - Ribarac 4"]
[Date "2018.07.24"]
[Round "4.3"]
[White "Milosevic, Milos"]
[Black "Cabarkapa, Novak"]
[Result "1/2-1/2"]
[WhiteElo "2315"]
[BlackElo "2439"]
[PlyCount "88"]
[EventDate "2018.07.22"]

1. e4 e6 2. d4 d5 3. Nd2 c5 4. exd5 Qxd5 5. dxc5 Nf6 6. Ngf3 Qxc5 7. Nb3 Qc7 8.
Bg5 Nbd7 9. Bd3 h6 10. Bh4 Bd6 11. Bg3 Bxg3 12. hxg3 b6 13. Qe2 Bb7 14. O-O O-O
15. Rad1 Rfe8 16. Rfe1 e5 17. Nh4 g6 18. Bb5 Kg7 19. Bxd7 Nxd7 20. Qg4 Nf8 21.
Nf5+ Kh7 22. Nd6 Re6 23. Nxb7 Qxb7 24. Nd2 Rae8 25. Nc4 Qc6 26. Ne3 f5 27. Qh4
Kg7 28. Rd3 Nh7 29. Rc3 Qb7 30. Rd1 Nf6 31. Qc4 b5 32. Qc7+ R8e7 33. Qxb7 Rxb7
34. Rd8 b4 35. Rb3 Reb6 36. Nd5 Nxd5 37. Rxd5 Kf6 38. Rbd3 Ke6 39. Ra5 Rc6 40.
Re3 Rxc2 41. Raxe5+ Kf6 42. Re6+ Kf7 43. Ra6 Rd7 44. Ree6 Rd1+ 1/2-1/2

[Event "9. Open International Championship of V"]
[Site "Novi Sad - Ribarac 4"]
[Date "2018.07.24"]
[Round "4.4"]
[White "Nomin-Erdene, Davaademberel"]
[Black "Jocev, Milan"]
[Result "1/2-1/2"]
[WhiteElo "2371"]
[BlackElo "2256"]
[PlyCount "72"]
[EventDate "2018.07.22"]

1. e4 e5 2. Nf3 Nf6 3. Nxe5 d6 4. Nf3 Nxe4 5. Nc3 Nxc3 6. dxc3 Be7 7. Bf4 Be6
8. Qd2 Nc6 9. Ng5 Bxg5 10. Bxg5 Qd7 11. O-O-O f6 12. Be3 O-O-O 13. h4 h5 14. b3
Rhe8 15. f3 Kb8 16. Bf2 Re7 17. Qf4 Ne5 18. Qe3 Nc6 19. Bb5 a6 20. Bxc6 Qxc6
21. Qa7+ Kc8 22. Rhe1 Kd7 23. Kb2 Rde8 24. Re4 Bf7 25. Rb4 b5 26. Bg3 Re6 27.
a4 Ra8 28. Qd4 Ke7 29. Qd3 Qc5 30. Rd2 Rb8 31. Bf2 Qc6 32. Bd4 Qe8 33. Ba7 Rb7
34. Bf2 Bg6 35. Qd5 c6 36. Qxe6+ Kxe6 1/2-1/2

[Event "9. Open International Championship of V"]
[Site "Novi Sad - Ribarac 4"]
[Date "2018.07.24"]
[Round "4.5"]
[White "Dragojlovic, Andjelko"]
[Black "Li, Hong"]
[Result "1/2-1/2"]
[WhiteElo "2262"]
[BlackElo "2365"]
[PlyCount "99"]
[EventDate "2018.07.22"]

1. e4 c5 2. Nf3 d6 3. d4 Nf6 4. Nc3 cxd4 5. Qxd4 Nc6 6. Bb5 Bd7 7. Bxc6 Bxc6 8.
Bg5 e6 9. O-O-O Be7 10. Rhe1 O-O 11. Qd2 Rc8 12. Nd4 d5 13. e5 Nd7 14. Bxe7
Qxe7 15. f4 Nb6 16. b3 Bd7 17. Nb1 Rc5 18. Re3 Rfc8 19. Rde1 a5 20. g4 Na8 21.
f5 Qg5 22. Rg3 Qxd2+ 23. Nxd2 Nc7 24. N2f3 a4 25. Re3 Nb5 26. bxa4 Nc3 27. Nd2
Bxa4 28. N2b3 Rc4 29. a3 Nb5 30. Nxb5 Rxc2+ 31. Kb1 Bxb5 32. Nd4 Rc1+ 33. Kb2
Bd7 34. Rc3 R1xc3 35. Rxc3 Rxc3 36. Kxc3 h5 37. fxe6 fxe6 38. gxh5 Kh7 39. Kb4
b6 40. a4 Kh6 41. a5 bxa5+ 42. Kxa5 Kg5 43. Kb6 Kf4 44. Kc7 Kxe5 45. Kxd7 Kxd4
46. Kxe6 Ke4 47. Kf7 d4 48. Kxg7 d3 49. h6 d2 50. h7 1/2-1/2

[Event "9. Open International Championship of V"]
[Site "Novi Sad - Ribarac 4"]
[Date "2018.07.24"]
[Round "4.6"]
[White "Pastar, Slaven"]
[Black "Raja, Rithvik R"]
[Result "1/2-1/2"]
[WhiteElo "2262"]
[BlackElo "2343"]
[PlyCount "25"]
[EventDate "2018.07.22"]

1. e4 c5 2. Nc3 Nc6 3. Nf3 e5 4. Bc4 Be7 5. O-O Nf6 6. Re1 O-O 7. Nd5 d6 8. c3
Bg4 9. a4 h6 10. h3 Bh5 11. d3 Nxd5 12. Bxd5 Rc8 13. Be3 1/2-1/2

[Event "9. Open International Championship of V"]
[Site "Novi Sad - Ribarac 4"]
[Date "2018.07.24"]
[Round "4.7"]
[White "Batsuren, Dambasuren"]
[Black "Otawa, Yuto"]
[Result "1-0"]
[WhiteElo "2321"]
[BlackElo "2140"]
[PlyCount "59"]
[EventDate "2018.07.22"]

1. d4 Nf6 2. c4 c5 3. d5 e6 4. Nc3 exd5 5. cxd5 d6 6. e4 g6 7. Bd3 Bg7 8. h3
O-O 9. Nf3 Nh5 10. O-O Nd7 11. Bg5 Bf6 12. Be3 Ne5 13. Nxe5 Bxe5 14. f4 Bg7 15.
g4 Nf6 16. Qf3 Nd7 17. e5 dxe5 18. f5 e4 19. Bxe4 Ne5 20. Qf2 Re8 21. f6 Bf8
22. Bxc5 Bxc5 23. Qxc5 b6 24. Qe3 Qd6 25. Nb5 Qf8 26. Nc7 Nc4 27. Qd4 Rxe4 28.
Qxe4 Qc5+ 29. Rf2 Nd6 30. Qc2 1-0

[Event "9. Open International Championship of V"]
[Site "Novi Sad - Ribarac 4"]
[Date "2018.07.24"]
[Round "4.8"]
[White "Zegarac, Vuk"]
[Black "Tosic, Miroslav"]
[Result "0-1"]
[WhiteElo "2257"]
[BlackElo "2388"]
[PlyCount "51"]
[EventDate "2018.07.22"]

1. d4 Nf6 2. Nf3 c5 3. d5 b5 4. Bg5 d6 5. Bxf6 exf6 6. e4 a6 7. a4 b4 8. Bd3 g6
9. Nbd2 Bh6 10. Nc4 a5 11. O-O O-O 12. Re1 Qc7 13. Nfd2 Nd7 14. Bf1 Ne5 15. g3
Bxd2 16. Nxd2 c4 17. c3 Rb8 18. Ra2 Qc5 19. Kg2 h5 20. h3 h4 21. g4 g5 22. Nf3
bxc3 23. bxc3 Rb3 24. Re3 Bd7 25. Qd4 Rc8 26. Qd2 {Unreadable..} 0-1

[Event "9. Open International Championship of V"]
[Site "Novi Sad - Ribarac 4"]
[Date "2018.07.24"]
[Round "4.9"]
[White "Ilincic, Aleksa"]
[Black "Hirneise, Jens"]
[Result "1/2-1/2"]
[WhiteElo "2179"]
[BlackElo "2379"]
[PlyCount "131"]
[EventDate "2018.07.22"]

1. e4 c5 2. c3 Nf6 3. e5 Nd5 4. d4 cxd4 5. cxd4 d6 6. Nf3 Nc6 7. Bc4 Nb6 8. Bb5
dxe5 9. Nxe5 Bd7 10. Nxd7 Qxd7 11. Nc3 e6 12. O-O Rd8 13. Bg5 Be7 14. Bxe7 Qxe7
15. Bxc6+ bxc6 16. Qf3 O-O 17. Qxc6 Rxd4 18. Rfd1 Rfd8 19. Rxd4 Rxd4 20. Rd1 e5
21. Re1 h6 22. a4 Qd8 23. h3 f6 24. a5 Rd6 25. Qc5 Nc8 26. b4 a6 27. b5 axb5
28. Nxb5 Rd5 29. Qc4 Kh7 30. Rc1 Qd7 31. Rb1 f5 32. a6 Nb6 33. Qb3 Rd3 34. Qc2
Rd2 35. Qc7 Qd3 36. Nc3 Nd5 37. Qxe5 Nxc3 38. Rb7 Rd1+ 39. Kh2 Qd6 40. Rxg7+
Kh8 41. Qxd6 Rxd6 42. a7 Kxg7 43. a8=Q Ne4 44. Qe8 Rf6 45. f4 Nd6 46. Qe5 Nf7
47. Qd4 Kg6 48. g4 fxg4 49. hxg4 Rd6 50. Qc3 Rf6 51. Kg3 Nd6 52. Qd4 Nf7 53.
Kh4 Nd6 54. Qe5 Nf7 55. Qc7 Rd6 56. Qe7 Rf6 57. Qe4+ Kg7 58. Kh5 Ra6 59. Qd4+
Kg8 60. f5 Rd6 61. Qc3 Kh7 62. f6 Rd5+ 63. Kh4 Kg6 64. Qf3 Rg5 65. Qf4 Ne5 66.
Kg3 1/2-1/2

[Event "9. Open International Championship of V"]
[Site "Novi Sad - Ribarac 4"]
[Date "2018.07.24"]
[Round "4.10"]
[White "Danchevski, Orce"]
[Black "Jovanovic, Milenko"]
[Result "1/2-1/2"]
[WhiteElo "2353"]
[BlackElo "2198"]
[PlyCount "35"]
[EventDate "2018.07.22"]

1. c4 e5 2. Nc3 Nc6 3. Nf3 Nf6 4. d4 e4 5. Ng5 Bb4 6. h4 h6 7. Nh3 d6 8. e3
Bxc3+ 9. bxc3 Bg4 10. Be2 Bxe2 11. Qxe2 Qd7 12. Ba3 O-O 13. Nf4 Rfe8 14. Rb1
Rab8 15. Rh3 Ne7 16. Rh1 b6 17. Qc2 c5 18. Ke2 1/2-1/2

[Event "9. Open International Championship of V"]
[Site "Novi Sad - Ribarac 4"]
[Date "2018.07.24"]
[Round "4.11"]
[White "Kostic, Vladimir G"]
[Black "Tugstumur, Yesuntumur"]
[Result "1/2-1/2"]
[WhiteElo "2319"]
[BlackElo "2116"]
[PlyCount "115"]
[EventDate "2018.07.22"]

1. e4 c5 2. Nf3 e6 3. g3 Nc6 4. Bg2 Nf6 5. d3 d6 6. O-O Be7 7. Re1 O-O 8. c3
Bd7 9. a3 b5 10. d4 cxd4 11. Nxd4 e5 12. Nxc6 Bxc6 13. Bg5 Nd7 14. Bxe7 Qxe7
15. Nd2 Nb6 16. Nf1 f5 17. exf5 Bxg2 18. Kxg2 Rxf5 19. Ne3 Rf7 20. Kg1 Raf8 21.
Re2 Qe6 22. Rd2 d5 23. Qg4 Qh6 24. Rad1 e4 25. h4 Nc4 26. Nxc4 bxc4 27. Qg5
Qxg5 28. hxg5 Rf3 29. Rxd5 Rxf2 30. Re5 Re2 31. Re7 e3 32. Rxa7 Rxb2 33. Re7 e2
34. Re1 Rf3 35. R7xe2 Rxg3+ 36. Kf2 Rxe2+ 37. Rxe2 Rxc3 38. g6 hxg6 39. Re4 g5
40. a4 Kf7 41. a5 Kg6 42. a6 Ra3 43. Rxc4 Rxa6 44. Kg3 Kh5 45. Rc3 Ra4 46. Rb3
g4 47. Rb5+ g5 48. Rb3 Rf4 49. Rb8 Rf3+ 50. Kg2 Ra3 51. Rh8+ Kg6 52. Rg8+ Kf6
53. Rf8+ Kg7 54. Rf5 Kg6 55. Rf8 Kg7 56. Rf5 Kh6 57. Rf8 g3 58. Rf3 1/2-1/2

[Event "9. Open International Championship of V"]
[Site "Novi Sad - Ribarac 4"]
[Date "2018.07.24"]
[Round "4.12"]
[White "Tomerlin, Sinisa"]
[Black "Mikheev, Stanislav"]
[Result "1/2-1/2"]
[WhiteElo "2163"]
[BlackElo "2291"]
[PlyCount "62"]
[EventDate "2018.07.22"]

1. e4 c5 2. Nf3 d6 3. c3 Nf6 4. Be2 g6 5. O-O Bg7 6. d3 O-O 7. Nbd2 Nc6 8. Re1
b5 9. d4 cxd4 10. Nxd4 Nxd4 11. cxd4 Qb6 12. d5 e6 13. Qb3 exd5 14. Qxb5 dxe4
15. Qxb6 axb6 16. Nc4 Be6 17. Nxd6 Rxa2 18. Rxa2 Bxa2 19. Bc4 Bxc4 20. Nxc4 b5
21. Nd6 b4 22. Nxe4 Nxe4 23. Rxe4 Ra8 24. Kf1 f5 25. Rc4 Bf6 26. Ke2 b3 27. Rb4
Rc8 28. Bd2 Rc2 29. Rxb3 Bg5 30. Rd3 Rxb2 31. g3 Bxd2 1/2-1/2

[Event "9. Open International Championship of V"]
[Site "Novi Sad - Ribarac 4"]
[Date "2018.07.24"]
[Round "4.13"]
[White "Yordanov, Lachezar"]
[Black "Rutesic, Vuk"]
[Result "1/2-1/2"]
[WhiteElo "2290"]
[BlackElo "2157"]
[PlyCount "56"]
[EventDate "2018.07.22"]

1. b3 d5 2. Bb2 Bf5 3. d3 e6 4. Nd2 Nf6 5. g3 h6 6. Bg2 c6 7. e4 Bh7 8. Qe2 Be7
9. Ngf3 a5 10. a3 O-O 11. O-O Nbd7 12. e5 Ne8 13. Nd4 Qb6 14. f4 a4 15. Kh1 c5
16. N4f3 axb3 17. Nxb3 Ra4 18. Rfb1 Qa6 19. Re1 Nc7 20. c4 dxc4 21. dxc4 Nb6
22. Nfd2 Rd8 23. Be4 Bxe4+ 24. Qxe4 Nc8 25. Qe3 Qc6+ 26. Qe4 Qa6 27. Qe3 Qc6+
28. Qe4 Qa6 1/2-1/2

[Event "9. Open International Championship of V"]
[Site "Novi Sad - Ribarac 4"]
[Date "2018.07.24"]
[Round "4.14"]
[White "Pratyusha, Bodda"]
[Black "Mehandzic, Georgije"]
[Result "1-0"]
[WhiteElo "2244"]
[BlackElo "2066"]
[PlyCount "45"]
[EventDate "2018.07.22"]

1. e4 c6 2. d4 d5 3. Nc3 e6 4. e5 b6 5. f4 g6 6. Nf3 Ba6 7. Bxa6 Nxa6 8. Be3
Nh6 9. Bf2 Ng4 10. Qe2 Nb8 11. Bh4 Qd7 12. h3 Nh6 13. Bf6 Rg8 14. g4 Bg7 15.
O-O-O Bxf6 16. exf6 Qd8 17. f5 Qxf6 18. g5 Qxf5 19. gxh6 Qf4+ 20. Kb1 Qxh6 21.
Ne5 Ke7 22. Rhf1 f5 23. Rde1 1-0

[Event "9. Open International Championship of V"]
[Site "Novi Sad - Ribarac 4"]
[Date "2018.07.24"]
[Round "4.15"]
[White "Uuriintuya, Uurtsaikh"]
[Black "Mitev, Valentin"]
[Result "0-1"]
[WhiteElo "2158"]
[BlackElo "2242"]
[PlyCount "90"]
[EventDate "2018.07.22"]

1. e4 c5 2. Nf3 d6 3. d4 Nf6 4. Nc3 cxd4 5. Nxd4 Nc6 6. Bg5 Bd7 7. Qd2 Rc8 8.
Nb3 Ne5 9. O-O-O Rxc3 10. Bxf6 Rxc2+ 11. Qxc2 gxf6 12. Kb1 Bh6 13. g3 f5 14.
Bh3 fxe4 15. Bxd7+ Qxd7 16. Qxe4 Qc6 17. Qd4 O-O 18. f4 Ng4 19. h3 Bg7 20. Qb4
Nf2 21. Rc1 Qd7 22. g4 Nxh1 23. Rxh1 Rc8 24. a3 b6 25. Nd4 Rc5 26. Rd1 e6 27.
Rd2 d5 28. Qb3 Qc7 29. f5 Qf4 30. Qd1 Qe4+ 31. Ka2 e5 32. Nb3 Qc4 33. g5 Rb5
34. f6 Bf8 35. Rd3 d4 36. Rg3 a5 37. Kb1 Bxa3 38. g6 hxg6 39. Qg1 Rxb3 40.
Rxg6+ fxg6 41. Qxg6+ Kf8 42. Qg7+ Ke8 43. f7+ Qxf7 44. Qxe5+ Kd7 45. Qxd4+ Kc7
0-1

[Event "9. Open International Championship of V"]
[Site "Novi Sad - Ribarac 4"]
[Date "2018.07.24"]
[Round "4.17"]
[White "Ujhazi, Ivan"]
[Black "Banovic, Ivan"]
[Result "0-1"]
[WhiteElo "2132"]
[BlackElo "2224"]
[PlyCount "98"]
[EventDate "2018.07.22"]

1. e4 c5 2. Nf3 d6 3. c3 Nf6 4. h3 Nc6 5. Bd3 g6 6. O-O Bg7 7. Bc2 O-O 8. d4
Qc7 9. d5 Nb8 10. c4 e5 11. Nc3 a6 12. Be3 Nh5 13. Qd2 Qe7 14. g4 Nf4 15. Bxf4
exf4 16. Qxf4 Nd7 17. Qg3 g5 18. Rfd1 Ne5 19. Nxe5 Bxe5 20. Qd3 Qf6 21. Ne2 b5
22. b3 Re8 23. Rab1 Bd7 24. Kg2 Rab8 25. Qf3 Qxf3+ 26. Kxf3 a5 27. Ke3 a4 28.
cxb5 axb3 29. Rxb3 Rxb5 30. Rdb1 Rxb3+ 31. Bxb3 Ra8 32. Kd2 Kf8 33. Nc3 Ra3 34.
Kd3 h5 35. gxh5 Kg7 36. Kc4 Kh6 37. Nb5 Ra8 38. a4 Kxh5 39. Bd1+ Kh4 40. Rb3
Bxh3 41. Ra3 Bf1+ 42. Kb3 Rb8 43. Kc2 Bxb5 44. axb5 Rxb5 45. Rb3 Rxb3 46. Kxb3
Bd4 47. f3 Kg3 48. Kc4 Kf2 49. Kd3 Be5 0-1

[Event "9. Open International Championship of V"]
[Site "Novi Sad - Ribarac 4"]
[Date "2018.07.24"]
[Round "4.18"]
[White "Budisavljevic, Luka"]
[Black "Ilijc, Milan"]
[Result "1-0"]
[WhiteElo "2324"]
[BlackElo "2122"]
[PlyCount "73"]
[EventDate "2018.07.22"]

1. d4 Nf6 2. c4 g6 3. Nc3 Bg7 4. Nf3 O-O 5. Bf4 c5 6. e3 b6 7. h3 cxd4 8. exd4
Bb7 9. d5 d6 10. Be2 Nbd7 11. Nd4 Rc8 12. O-O Re8 13. Rc1 Ne5 14. b3 e6 15.
dxe6 fxe6 16. Ndb5 Nf7 17. Nxd6 Nxd6 18. Qxd6 e5 19. Qxd8 Rcxd8 20. Be3 e4 21.
Rfd1 Bf8 22. Nb5 Rxd1+ 23. Rxd1 Ra8 24. Bg5 Ne8 25. Rd7 a6 26. Nc7 Nxc7 27.
Rxc7 Bc8 28. Be3 b5 29. cxb5 axb5 30. Bxb5 Be6 31. Rc2 Rd8 32. Bc4 Kf7 33. Rd2
Rc8 34. Rd7+ Be7 35. Bg5 Re8 36. Bxe6+ Kxe6 37. Rxe7+ 1-0

[Event "9. Open International Championship of V"]
[Site "Novi Sad - Ribarac 4"]
[Date "2018.07.24"]
[Round "4.19"]
[White "Savanovic, Vuk"]
[Black "Liu, Xi"]
[Result "1/2-1/2"]
[WhiteElo "2294"]
[BlackElo "2099"]
[PlyCount "54"]
[EventDate "2018.07.22"]

1. e4 e6 2. d4 d5 3. Nc3 Bb4 4. e5 c5 5. a3 Bxc3+ 6. bxc3 Ne7 7. Qg4 Qc7 8.
Qxg7 Rg8 9. Qxh7 cxd4 10. Ne2 Nbc6 11. f4 dxc3 12. Qd3 d4 13. Nxd4 Nxd4 14.
Qxd4 Bd7 15. Be3 Nf5 16. Qc5 Qc6 17. O-O-O b6 18. Qxc6 Bxc6 19. Bf2 Rg4 20. Bg3
Rd8 21. Rxd8+ Kxd8 22. Be2 Rg8 23. Rd1+ Ke7 24. Bf1 Nxg3 25. hxg3 f6 26. exf6+
Kxf6 27. f5 Rxg3 1/2-1/2

[Event "9. Open International Championship of V"]
[Site "Novi Sad - Ribarac 4"]
[Date "2018.07.24"]
[Round "4.20"]
[White "Angun, Batu"]
[Black "Omorjan, Dejan"]
[Result "1-0"]
[WhiteElo "2122"]
[BlackElo "2292"]
[PlyCount "81"]
[EventDate "2018.07.22"]

1. d4 Nf6 2. c4 g6 3. Nc3 d5 4. cxd5 Nxd5 5. e4 Nxc3 6. bxc3 Bg7 7. Nf3 c5 8.
Be3 Nc6 9. Rc1 Qa5 10. d5 Ne5 11. Nxe5 Bxe5 12. Qb3 O-O 13. Be2 Qc7 14. h3 e6
15. c4 f5 16. exf5 exf5 17. O-O b6 18. Bf3 Qd6 19. a4 Bd7 20. Rfe1 Rab8 21. a5
f4 22. Bd2 bxa5 23. Qd3 Bb2 24. Rcd1 a4 25. Bg4 Bxg4 26. hxg4 a3 27. Re6 Qd7
28. Bc3 Bxc3 29. Qxc3 a2 30. Qc2 f3 31. Qxa2 fxg2 32. Qe2 Rf7 33. d6 Rd8 34.
Rd5 Qc6 35. d7 Qc7 36. Re8+ Rf8 37. Qe6+ Kg7 38. Rxf8 Kxf8 39. Rd3 Qf4 40. Kxg2
Qf7 41. Rf3 1-0

[Event "9. Open International Championship of V"]
[Site "Novi Sad - Ribarac 4"]
[Date "2018.07.24"]
[Round "5.1"]
[White "Sharavdorj, Dashzegve"]
[Black "Atalik, Suat"]
[Result "1/2-1/2"]
[WhiteElo "2403"]
[BlackElo "2509"]
[PlyCount "22"]
[EventDate "2018.07.22"]

1. d4 Nf6 2. c4 g6 3. Nc3 d5 4. cxd5 Nxd5 5. e4 Nxc3 6. bxc3 Bg7 7. Nf3 c5 8.
Rb1 O-O 9. Be2 b6 10. O-O Bb7 11. Qd3 Ba6 1/2-1/2

[Event "9. Open International Championship of V"]
[Site "Novi Sad - Ribarac 4"]
[Date "2018.07.24"]
[Round "5.2"]
[White "Li, Hong"]
[Black "Batsuren, Dambasuren"]
[Result "0-1"]
[WhiteElo "2365"]
[BlackElo "2321"]
[PlyCount "94"]
[EventDate "2018.07.22"]

1. d4 Nf6 2. c4 e6 3. Nf3 b6 4. Nc3 Bb7 5. a3 d5 6. Bg5 Be7 7. e3 O-O 8. Bd3 c5
9. dxc5 bxc5 10. O-O Nbd7 11. Qe2 Ne4 12. Bxe7 Qxe7 13. Rac1 Nxc3 14. Rxc3 e5
15. e4 d4 16. Rc2 Rab8 17. Rb1 Bc6 18. b3 f5 19. Nd2 Nf6 20. Rcb2 Qb7 21. f3
fxe4 22. fxe4 a5 23. Rf1 Qe7 24. Rbb1 Bd7 25. h3 g6 26. Kh2 Nh5 27. Rxf8+ Rxf8
28. Rf1 Nf4 29. Qf3 Qg5 30. Bc2 Ne6 31. Qd1 Rxf1 32. Nxf1 Qf4+ 33. Kg1 Qh4 34.
Qd2 Nf4 35. Qf2 Qh5 36. Ng3 Qg5 37. Kh2 Ne6 38. Nf1 Qc1 39. g3 Qxa3 40. h4 Qb2
41. Kg1 Qc3 42. Bd1 Nf8 43. h5 Bh3 44. Be2 Bxf1 45. Kxf1 Qc1+ 46. Kg2 Qg5 47.
Qf3 Qxh5 0-1

[Event "9. Open International Championship of V"]
[Site "Novi Sad - Ribarac 4"]
[Date "2018.07.24"]
[Round "5.3"]
[White "Cabarkapa, Novak"]
[Black "Dragojlovic, Andjelko"]
[Result "1-0"]
[WhiteElo "2439"]
[BlackElo "2262"]
[PlyCount "82"]
[EventDate "2018.07.22"]

1. d4 g6 2. e4 Bg7 3. Nc3 d6 4. Be3 a6 5. Nf3 b5 6. Bd3 Nd7 7. e5 Bb7 8. e6
fxe6 9. Ng5 Nf8 10. O-O Nf6 11. f4 Qd7 12. Qe2 h6 13. Nf3 Rg8 14. Bd2 Bh8 15.
a4 b4 16. Nd1 a5 17. c3 Nd5 18. Nf2 Kd8 19. Bb5 c6 20. Bc4 Bf6 21. cxb4 axb4
22. a5 g5 23. a6 Bc8 24. fxg5 hxg5 25. Ng4 Qa7 26. Kh1 Nf4 27. Qe1 d5 28. Nfe5
Bxe5 29. Nxe5 Bd7 30. Qg3 Nh5 31. Qh3 Nf6 32. Bxb4 Qxd4 33. Qa3 Ne4 34. Bxe7+
Kc7 35. Qa5+ Qb6 36. Qxb6+ Kxb6 37. Bxf8 Bc8 38. Bd3 Bxa6 39. Rxa6+ Rxa6 40.
Bxa6 Kxa6 41. Nxc6 Kb5 1-0

[Event "9. Open International Championship of V"]
[Site "Novi Sad - Ribarac 4"]
[Date "2018.07.24"]
[Round "5.4"]
[White "Jocev, Milan"]
[Black "Drazic, Sinisa"]
[Result "1/2-1/2"]
[WhiteElo "2256"]
[BlackElo "2421"]
[PlyCount "88"]
[EventDate "2018.07.22"]

1. d4 Nf6 2. Nf3 d6 3. c4 Nbd7 4. Nc3 e5 5. g3 g6 6. Bg2 Bg7 7. O-O O-O 8. e4
a5 9. Re1 Re8 10. dxe5 dxe5 11. Be3 c6 12. Qc2 Ng4 13. Bg5 f6 14. Bc1 Nc5 15.
h3 Nh6 16. Be3 Bf8 17. Rad1 Qc7 18. Na4 b6 19. Rd2 Nf7 20. Red1 Nd8 21. Ne1
Nde6 22. Nd3 Nxa4 23. Qxa4 Bb7 24. c5 b5 25. Qb3 Rad8 26. f4 a4 27. Qc3 Nd4 28.
Nf2 Qe7 29. Bxd4 exd4 30. Rxd4 Rxd4 31. Qxd4 Qxc5 32. Qxf6 Bg7 33. Qd6 Qxd6 34.
Rxd6 Bxb2 35. e5 Ba3 36. Bxc6 Rb8 37. Bxb7 Rxb7 38. Ra6 Rc7 39. Ne4 Be7 40. Nd6
Rc3 41. Ra8+ Kg7 42. Ra7 Kf8 43. Ra8+ Kg7 44. Ra7 Kf8 1/2-1/2